000 nam a22 7a 4500
999 _c8444
_d8444
008 180116b ||||| |||| 00| 0 eng d
100 _94845
_aGREWAL.T.S
245 _aANALYSIS OF FINANCIAL STATEMANT -XII
260 _aNEW DELHI
_bSUTTAN CHAND
_c2017